<?xml version="1.0" encoding="UTF-8"?>
<collection xmlns="http://www.loc.gov/MARC21/slim">
 <record>
  <leader>01963nam a2200313   4500</leader>
  <controlfield tag="001">DLU120144710</controlfield>
  <controlfield tag="005">##20121213</controlfield>
  <datafield tag="040" ind1="#" ind2="#">
   <subfield code="a">DLU</subfield>
   <subfield code="b">vie</subfield>
  </datafield>
  <datafield tag="041" ind1="#" ind2="#">
   <subfield code="a">vie</subfield>
  </datafield>
  <datafield tag="044" ind1="#" ind2="#">
   <subfield code="a">vn</subfield>
  </datafield>
  <datafield tag="082" ind1="#" ind2="#">
   <subfield code="a">324.23</subfield>
   <subfield code="b">Nhu</subfield>
  </datafield>
  <datafield tag="245" ind1="#" ind2="#">
   <subfield code="a">Những vấn đề cấp bách xây dựng Đảng năm 2012 - Công tác kiểm tra của tổ chức Đảng đối với việc tu dưỡng, rèn luyện đạo đức của cán bộ, Đảng viên /</subfield>
   <subfield code="c">Thu Huyền, Ái Phương sưu tầm và hệ thống hoá.</subfield>
  </datafield>
  <datafield tag="260" ind1="#" ind2="#">
   <subfield code="a">H. :</subfield>
   <subfield code="b">Lao động,</subfield>
   <subfield code="c">2012.</subfield>
  </datafield>
  <datafield tag="300" ind1="#" ind2="#">
   <subfield code="a">483 tr. ;</subfield>
   <subfield code="c">27 cm.</subfield>
  </datafield>
  <datafield tag="505" ind1="#" ind2="#">
   <subfield code="a">Phần thứ nhất. Điều lệ Đảng Cộng sản Việt Nam đã sửa đổi, bổ sung -- Phần thứ hai. Nghị quyết 12-NQ/TW về một số vấn đề cấp bách xây dựng Đảng - các văn kiện hội nghị lần thứ 4 Ban chấp hành Trung ương Đảng (Khoá XI) -- Phần thứ ba. Các mẫu văn bản bản các tổ chức Đảng cần biết -- Phần thứ tư. Quy định chức năng nhiệm vụ theo loại hình tổ chức cơ sở Đảng -- Phần thứ năm. Quy chế hoạt động trong các cơ sở Đảng, phối hợp hoạt động trong các tổ chức Đảng và cơ quan chính quyền -- Phần thứ sáu. Toàn văn kiện Đại hội Đảng lần thứ XI. Phần thứ bảy. Qui định thi hành điều lệ Đảng khoá XI và hướng dẫn thực hiện các quy định về công tác kiểm tra, giám sát và kỷ luật của Đảng trong điều lệ Đảng.</subfield>
  </datafield>
  <datafield tag="610" ind1="#" ind2="#">
   <subfield code="a">Đảng Cộng sản Việt Nam</subfield>
   <subfield code="x">Công tác Đảng.</subfield>
  </datafield>
  <datafield tag="700" ind1="#" ind2="#">
   <subfield code="a">Ái Phương,</subfield>
   <subfield code="e">sưu tầm và hệ thống hoá.</subfield>
  </datafield>
  <datafield tag="700" ind1="#" ind2="#">
   <subfield code="a">Thu Huyền,</subfield>
   <subfield code="e">sưu tầm và hệ thống hoá.</subfield>
  </datafield>
  <datafield tag="923" ind1="#" ind2="#">
   <subfield code="a">08/2012</subfield>
  </datafield>
  <datafield tag="991" ind1="#" ind2="#">
   <subfield code="a">SH</subfield>
  </datafield>
  <datafield tag="992" ind1="#" ind2="#">
   <subfield code="a">325000</subfield>
  </datafield>
  <datafield tag="994" ind1="#" ind2="#">
   <subfield code="a">DLU</subfield>
  </datafield>
  <datafield tag="900" ind1="#" ind2="#">
   <subfield code="a">True</subfield>
  </datafield>
  <datafield tag="911" ind1="#" ind2="#">
   <subfield code="a">Đào Thị Thu Huyền</subfield>
  </datafield>
  <datafield tag="925" ind1="#" ind2="#">
   <subfield code="a">G</subfield>
  </datafield>
  <datafield tag="926" ind1="#" ind2="#">
   <subfield code="a">A</subfield>
  </datafield>
  <datafield tag="927" ind1="#" ind2="#">
   <subfield code="a">SH</subfield>
  </datafield>
  <datafield tag="980" ind1="#" ind2="#">
   <subfield code="a">Thư viện Trường Đại học Đà Lạt</subfield>
  </datafield>
 </record>
</collection>
